The great growth riddle (Record no. 117436)
[ view plain ]
| 000 -LEADER | |
|---|---|
| fixed length control field | 01625cam a2200241 4500 |
| 001 - CONTROL NUMBER | |
| control field | ABS67844 |
| 008 - FIXED-LENGTH DATA ELEMENTS--GENERAL INFORMATION | |
| fixed length control field | 040602n2004 000 0 eng u |
| 035 ## - SYSTEM CONTROL NUMBER | |
| System control number | (Sirsi) u126357 |
| 100 ## - MAIN ENTRY--PERSONAL NAME | |
| Personal name | Marrs, C. |
| 245 #4 - TITLE STATEMENT | |
| Title | The great growth riddle |
| 260 ## - PUBLICATION, DISTRIBUTION, ETC. | |
| Date of publication, distribution, etc. | 2004 |
| 490 ## - SERIES STATEMENT | |
| Series statement | Regeneration and Renewal |
| Volume/sequential designation | 21 May 2004, 18-19(2) |
| 520 ## - SUMMARY, ETC. | |
| Summary, etc. | Examines the infrastructure provision problems that could stymie house building projects in the Thames Gateway, in particular privatised electricity companies barred from installing new infrastructure on a speculative basis, only providing connections to new housing schemes if developers pay all installation costs. Such schemes will not be built if pioneer developers have to pay full costs with subsequent developers feeding for nothing off the initial connection. Formation of group developments to split infrastructure costs is time-consuming and introduces long start-up delays. Looks at the "London Thames Gateway Development and Investment Framework" produced for the London Thames Gateway Partnership Board, which acknowledges the scale of the electricity, health and education infrastructure challenges. Notes progress in getting government departments working together but no overall spatial strategy document has yet been produced. Lists bodies and individuals who are influencing the direction of the project. |
| 590 ## - LOCAL NOTE (RLIN) | |
| Local note | ABS |
| 590 ## - LOCAL NOTE (RLIN) | |
| Local note | ABS |
| 650 ## - SUBJECT ADDED ENTRY--TOPICAL TERM | |
| Topical term or geographic name entry element | PUBLIC UTILITIES |
| 650 ## - SUBJECT ADDED ENTRY--TOPICAL TERM | |
| Topical term or geographic name entry element | THAMES GATEWAY |
| 650 ## - SUBJECT ADDED ENTRY--TOPICAL TERM | |
| Topical term or geographic name entry element | HOUSE BUILDERS |
| 650 ## - SUBJECT ADDED ENTRY--TOPICAL TERM | |
| Topical term or geographic name entry element | Infrastructure |
| 9 (RLIN) | 6246 |
| 650 ## - SUBJECT ADDED ENTRY--TOPICAL TERM | |
| Topical term or geographic name entry element | SPATIAL DEVELOPMENT STRATEGY |
| 690 ## - LOCAL SUBJECT ADDED ENTRY--TOPICAL TERM (OCLC, RLIN) | |
| Topical term or geographic name as entry element | HOUSING-DEVELOPMENT |
| 942 ## - ADDED ENTRY ELEMENTS (KOHA) | |
| Suppress in OPAC | 0 |
| Withdrawn status | Lost status | Source of classification or shelving scheme | Damaged status | Not for loan | Home library | Current library | Shelving location | Date acquired | Total Checkouts | Full call number | Barcode | Date last seen | Copy number | Price effective from | Koha item type |
|---|---|---|---|---|---|---|---|---|---|---|---|---|---|---|---|
| Dewey Decimal Classification | London | London | Journal article | 02/06/2004 | ABS67844 | 126357-1001 | 06/08/2019 | 1 | 06/08/2019 | Journal article |